Представление документа в формате MARC21

ПолеНазваниеЗначение
  Тип записи a
  Библиографический уровень m
001 Контрольный номер RU\infra-m\znanium\bibl\2242844
005 Дата корректировки 20260429142104.8
008 Кодируемые данные 260420s2026 RU g rus u
020 Индекс ISBN __
a ISBN 978-5-394-06272-8
040 Источник каталогиз. __
a Служба первич. каталог. Общество с ограниченной ответственностью «ЗНАНИУМ»
041 Код языка издания __
a Код языка текста rus
044 Код страны публикации __
a Код страны публикации RU
080 Индекс УДК __
a Индекс УДК 32
084 Индекс другой классификации/Индекс ББК __
2 Источник индекса rubbk
a Индекс другой классификации/Индекс ББК 664
084 Индекс другой классификации/Индекс ББК __
2 Источник индекса okso
a Индекс другой классификации/Индекс ББК 41.03.04
084 Индекс другой классификации/Индекс ББК __
2 Источник индекса okso
a Индекс другой классификации/Индекс ББК 41.03.05
100 Автор __
a Автор Лукьянович Н.В.
q Полное имя Лукьянович Николай Васильевич
u Дополнение Финансовый университет при Правительстве Российской Федерации
245 Заглавие __
a Заглавие Что такое стратегия непрямых действий? Глубинные причины современных военно-политических конфликтов
b Продолж. заглавия Научно-популярная литература
c Ответственность Финансовый университет при Правительстве Российской Федерации
250 Сведения об издании __
a Основные сведения об издании 1
260 Выходные данные __
a Место издания Москва
b Издательство Издательско-торговая корпорация "Дашков и К"
c Дата издания 2026
300 Физическое описание __
a Объем 280 с.
520 Аннотация __
a Аннотация Книга посвящена исследованию причин возникновения и особенностям реализации концепций непрямых действий в соперничающих и враждующих государствах на разных этапах их исторического развития. Раскрыты цели использования непрямых действий западными странами в первую очередь Великобританией при создании в различных регионах планеты колониальной а затем неоколониальной систем. Определены направленность и динамика современных военно-политических конфликтов и роль непрямых действий в их инициировании. Отдельное внимание уделено особенностям англосаксонского подхода к непрямым действиям раскрыты перспективы их реализации в условиях кризиса существующей модели мироустройства и роста глобальной нестабильности.
521 Примеч. о цел. назн. __
a Примеч. о целев. назн. Дополнительное профессиональное образование
650 Тематические рубрики __
a Основная рубрика Политика. Социология
x Основная подрубрика Обществознание
655 Указ. предметных рубрик (устаревшее) __
a Жанр/ форма (устаревшее) Научно-популярная литература
856 Электронный адрес документа 4_
a Имя сервера/домена znanium.ru
m Помощь ebs_support@infra-m.ru
n Местонахождение сервера НИЦ ИНФРА-М
u URL https://znanium.ru/catalog/document?id=478202
856 Электронный адрес документа 48
a Имя сервера/домена znanium.ru
d Путь /cover/2242
f Электронное имя 2242844.jpg
q Тип электронного формата image/jpeg
u URL https://znanium.ru/cover/2242/2242844.jpg
911 __
u 0030=https://znanium.ru/catalog/document?id=478202